Biggest City in Every Country Starting with the same Letter - Statistics

General Stats
  • This quiz has been taken 27 times
    21 since last reset
  • The average score is 50 of 196
Answers on the Map
Answers color-coded by a green-red scale on the quiz's map according to % correct below.
 
Answer Stats
Country City population City % Correct
Brazil 3,900,000 Brasília
100%
Guatemala 3,400,000 Guatemala City
100%
Mexico 25,600,000 Mexico City
100%
Panama 1,450,000 Panama City
100%
Algeria 4,400,000 Algiers
95%
Canada 1,740,000 Calgary
95%
Colombia 3,000,000 Cali
95%
China 18,300,000 Chengdu
95%
South Korea 25,400,000 Seoul
95%
Tunisia 2,775,000 Tunis
95%
Iran 3,475,000 Isfahan
90%
Luxembourg 76,684 Luxembourg City
90%
Morocco 1,150,000 Marrakesh
90%
Portugal 1,660,000 Porto
90%
Spain 1,310,000 Seville
90%
Sweden 2,350,000 Stockholm
90%
Australia 1,480,000 Adelaide
86%
Belgium 2,825,000 Brussels
86%
Mozambique 2,650,000 Maputo
86%
Niger 1,580,000 Niamey
86%
San Marino 4,118 San Marino
86%
Taiwan 10,200,000 Taipei
86%
Belize 62,582 Belize City
81%
Burundi 1,320,000 Bujumbura
81%
Guyana 118,363 Georgetown
81%
Mauritania 33,301 Mâl
81%
Monaco 38,423 Monaco
81%
Russia 1,390,000 Rostov
81%
Vatican City 882 Vatican City
81%
Andorra 24,678 Andorra la Vella
76%
Kuwait 4,825,000 Kuwait City
76%
Maldives 103,693 Malé
76%
Papua New Guinea 283,733 Port Moresby
76%
Poland 570,352 Poznan
76%
São Tomé and Príncipe 53,300 São Tomé
76%
Sudan 250,000 Singa
76%
Singapore 8,150,000 Singapore
76%
Barbados 110,000 Bridgetown
71%
Djibouti 600,000 Djibouti
71%
India 1,837,041 Indore
71%
Germany 260,126 Gelsenkirchen
67%
Belarus 346,061 Brest
62%
Bulgaria 189,014 Burgas
62%
Myanmar 1,310,000 Mandalay
62%
Pakistan 2,175,000 Peshawar
62%
Venezuela 2,125,000 Valencia
62%
Marshall Islands 23,156 Majuro
57%
Brunei Darussalam 46000 Bandar Seri Begawan
52%
Sri Lanka 115,826 Sri Jayewardenepura Kotte
52%
Bosnia and Herzegovina 185,042 Banja Luka
48%
Burkina Faso 1,304,020 Bobo-Dioulasso
48%
South Africa 1,695,047 Soweto
48%
Switzerland 70,572 St. Gallen
48%
Norway 14,051 Narvik
43%
Netherlands 189,850 Nijmegen
43%
Chile 230,375 Concepción
38%
Italy 52,981 Imola
38%
Latvia 85,132 Liepāja
38%
Peru 630,244 Piura
38%
Cuba 310,819 Camaguey
33%
Czech Republic 95,709 České Budějovice
33%
Turkmenistan 234,817 Türkmenabat
33%
Kazakhstan 451,800 Karagandy
29%
Senegal 176,000 Saint-Louis
29%
Seychelles 3,241 Saint Louis
29%
United States 76,443 Upland
29%
Ukraine 115,449 Uzhhorod
29%
France 84,174 Fort-de-France
19%
Kenya 216,479 Kisumu
19%
Laos 47,378 Luang Prabang
19%
Madagascar 154,657 Mahajanga
19%
Malawi 175,345 Mzuzu
19%
New Zealand 59,200 Nelson
19%
Serbia 88,752 Subotica
19%
Malta 23,482 Mosta
14%
North Korea 366,341 Nampo
14%
Philippines 222,673 Puerto Princesa
14%
Tanzania 224,876 Tanga
14%
Central African Republic 54,551 Carnot
10%
Ecuador 155,487 Esmeraldas
10%
Ireland 1,291 Inishcrone
10%
Mali 108,456 Mopti
10%
Mongolia 134,530 Mörön
10%
Romania 107,558 Râmnicu Vâlcea
10%
Turkey 256,482 Tarsus
10%
Uzbekistan 150,110 Urgench
10%
Zambia 26,885 Zambezi
10%
Antigua and Barbuda 3,438 All Saints
5%
Bolivia 29,459 Bermejo
5%
Bangladesh 542,420 Bogra
5%
Costa Rica 165,417 Cartago
5%
Dominican Republic 16,328 Dajabón
5%
Equatorial Guinea 61,000 Ebebiyín
5%
Egypt 614,202 El Mahalla El Kubra
5%
Finland 17,079 Forssa
5%
Guinea-Bissau 43,556 Gabú
5%
Georgia 42,596 Gori
5%
Guinea 221,715 Guéckédou
5%
Honduras 1,358 Humuya
5%
Jordan 58,760 Jerash
5%
Japan 204,137 Joetsu
5%
Kosovo 50,904 / 33,454 Kosovo Polje / Kaçanik
5%
North Macedonia 12,488 Negotino
5%
Nigeria 900,000 Nnewi
5%
Nicaragua 79,818 Nueva Guinea
5%
Paraguay 75,109 Pedro Juan Caballero
5%
Rwanda 59,333 Ruhengeri
5%
Tonga 1,840 Tatakamotonga
5%
Vietnam 341,552 Vung Tau
5%
Armenia 50,600 Abovyan
0%
Azerbaijan 43,000 Aghjabadi
0%
Albania 3,849 Aliko
0%
Argentina 60,373 Alta Gracia
0%
Angola 104,000 Alto Cauale
0%
Austria 2,285 Andau
0%
Afghanistan 130,409 Aybak
0%
Bahamas 2,361 Bailey Town
0%
Botswana 22,483 Bobonong
0%
Benin 125,092 Bohicon
0%
Bahrain 42,000 Busaiteen
0%
Bhutan 6,243 Byakar
0%
Croatia 15,078 Cakovec
0%
Cape Verde 3,175 Calheta de São Miguel
0%
Cameroon 6,923 Campo
0%
Comoros 6,179 Chandra
0%
Cambodia 50,359 Chbar Mon
0%
Chad 54,072 Chèddra
0%
Cyprus 4,420 Chloraka
0%
Democratic Republic of the Congo / Congo Kinshassa 38,933 / 1,140,000 Dibaya-Lubwe / Costermansville
0%
Denmark 12,327 Dragør
0%
Dominica 423 Dublanc
0%
Eritrea 12,855 Edd
0%
Ethiopia 12,533 Ejaji
0%
El Salvador 26,987 El Tránsito
0%
Estonia 5,648 Elva
0%
Eswatini 10,936 Ezulwini
0%
Fiji 2,940 Fort Carnarvon
0%
Gabon 10,454 Gamba
0%
Ghana 74,403 Gbawe
0%
Greece 89,597 Glyfada
0%
Grenada 3,378 Gouyave
0%
Gambia 17,520 Gunjur
0%
Haiti 109,916 Hinche
0%
Hungary 41,634 Hódmezővásárhely
0%
Israel 11,398 Iksal
0%
Indonesia 123,263 Indramayu
0%
Iceland 2,625 Ísafjörður
0%
Iraq 100,619 Iskandariya
0%
Ivory Coast / Côte d'Ivoire 85,727 / 692,583 Issia / Cocody
0%
Jamaica 9,846 Junction
0%
Kyrgyzstan 70,171 Karakol
0%
Kiribati 434 Kiebu
0%
Lebanon 20,000 Labweh
0%
Libya 2,400 Lamluda
0%
Liberia 903 Latia
0%
Lesotho 2,178 Lejone
0%
Lithuania 11,773 Lentvaris
0%
Liechtenstein 40 Lums
0%
Federated States of Micronesia / Micronesia 5,767 / 3,471 Madolenihmw / Fefan
0%
Mauritius 18,176 Mahébourg
0%
Malaysia 579,000 Malacca City
0%
Moldova 1,396 Mărculești
0%
Montenegro 2,672 Mrčevac
0%
Nepal 64,400 Nepalgunj
0%
Nauru 85 Ngengan
0%
Namibia 10,261 Nkurenkuru
0%
Oman 25,000 Oman Smart Future City
0%
Palau 702 Peleliu
0%
Qatar 15,000 Qassar
0%
Republic of the Congo / Congo Brazzaville 894 / 62,208 Ranzi / Cote-Mateve
0%
Saudi Arabia 296,010 Sakākā
0%
Syria 66,724 Salamiyah
0%
Samoa 3,816 Saleimoa
0%
Saint Kitts and Nevis 3,000 Sandy Point Town
0%
Solomon Islands 539 Seghe
0%
Somalia 93,625 Sheikh
0%
Slovenia 11,969 Škofja Loka
0%
Suriname 150 Snesiekondre
0%
South Sudan 900 Sopo
0%
Saint Lucia 7,935 Soufrière
0%
Slovakia 39,193 Spišská Nová Ves
0%
Saint Vincent and the Grenadines 310 Spring Village
0%
Sierra Leone 6,500 Sulima
0%
Tuvalu 773 Tekavatoetoe
0%
Thailand 66,713 Trang
0%
Togo 55,775 Tsévié
0%
Trinidad and Tobago 26,829 Tunapuna
0%
East Timor / Timor Leste 11,258 / 8,904 Turiscai / Ermera
0%
Tajikistan 55,700 Tursunzoda
0%
Uruguay 149 Uleste
0%
Uganda 95,559 Uluko
0%
United Arab Emirates 59,098 Umm Al Quwain
0%
United Kingdom 41,731 Urmston
0%
Vanuatu 1,847 Votlo
0%
Yemen 46,964 Yarim
0%
Zimbabwe 59,717 Zvishavane
0%
No matching quizzes found
Score Distribution
Percent of People with Each Score
Percentile by Number Answered
Your Score History
You have not taken this quiz since the last reset